Alles Gute! (Запис № 279712)
[ простий вигляд ]
| 000 -LEADER | |
|---|---|
| fixed length control field | 01210nam a22001577a 4500 |
| 041 ## - LANGUAGE CODE | |
| Language code of text/sound track or separate title | ger |
| 080 ## - UNIVERSAL DECIMAL CLASSIFICATION NUMBER | |
| Universal Decimal Classification number | 81 |
| 090 ## - LOCALLY ASSIGNED LC-TYPE CALL NUMBER (OCLC); LOCAL CALL NUMBER (OCLC) | |
| Local cutter number (OCLC) ; Book number/undivided call number, CALL (RLIN) | INT |
| 100 ## - MAIN ENTRY--PERSONAL NAME | |
| Personal name | Inter Nationes |
| 245 ## - TITLE STATEMENT | |
| Title | Alles Gute! |
| 260 ## - PUBLICATION, DISTRIBUTION, ETC. (IMPRINT) | |
| Place of publication, distribution, etc | Хімки |
| Name of publisher, distributor, etc | Фірма "Акція" |
| Date of publication, distribution, etc | 1991 |
| 300 ## - PHYSICAL DESCRIPTION | |
| Extent | 287 |
| 520 ## - SUMMARY, ETC. | |
| Summary, etc | Книга містить тексти сценаріїв популярного телевізійного курсу німецької мови "Alles Gute". Вона допоможе вам краще зрозуміти та засвоїти мовні структури, що зустрічаються у цьому телекурсі, дозволить самостійно вивчати німецьку мову за допомогою телебачення. Усі тексти подаються з перекладом на російську мову, що забезбечує повне розуміння діалогів без додаткового звернення до словників.<br/>Тексти сценаріїв не містять описів ситуацій, у яких відбуваються діалоги. |
| -- | Телевізійний курс, Alles Gute |
| 650 ## - SUBJECT ADDED ENTRY--TOPICAL TERM | |
| Topical term or geographic name as entry element | German |
| 942 ## - ADDED ENTRY ELEMENTS (KOHA) | |
| Koha item type | Книги |
| Withdrawn status | Lost status | Source of classification or shelving scheme | Damaged status | Not for loan | Home library | Current library | Date acquired | Source of acquisition | Cost, normal purchase price | Total Checkouts | Full call number | Barcode | Date last seen | Price effective from | Koha item type |
|---|---|---|---|---|---|---|---|---|---|---|---|---|---|---|---|
| Universal Decimal Classification | ВІЛ - Відділ іноземн. літератури НБ | ВІЛ - Відділ іноземн. літератури НБ | 08/08/2005 | Акт № 5\05 | 1.00 | 81 | 204325 | 10/12/2021 | 26/12/2005 | Книги |